Poems (Record no. 85705)

MARC details
000 -LEADER
fixed length control field 00717 a2200241 4500
003 - CONTROL NUMBER IDENTIFIER
control field CBULib
005 - DATE AND TIME OF LATEST TRANSACTION
control field 20250219123146.0
008 - FIXED-LENGTH DATA ELEMENTS--GENERAL INFORMATION
fixed length control field 241104b |||||||| |||| 00| 0 eng d
020 ## - INTERNATIONAL STANDARD BOOK NUMBER
International Standard Book Number 9781870352970
040 ## - CATALOGING SOURCE
Language of cataloging English
Transcribing agency CBULib
Description conventions rda
050 ## - LIBRARY OF CONGRESS CALL NUMBER
Classification number PT 2617 Hey
100 ## - MAIN ENTRY--PERSONAL NAME
Personal name Heym, Georg
245 ## - TITLE STATEMENT
Title Poems
Statement of responsibility, etc / by Georg Heym
260 ## - PUBLICATION, DISTRIBUTION, ETC. (IMPRINT)
Name of publisher, distributor, etc Libris,
Date of publication, distribution, etc 2004
Place of publication, distribution, etc London :
300 ## - PHYSICAL DESCRIPTION
Extent xxiii, 215 pages : illustrations
336 ## - CONTENT TYPE
Source rdacontent
Content type term Text |
Content type code txt
337 ## - MEDIA TYPE
Source rdamedia
Media type term Unmediated |
Media type code n
338 ## - CARRIER TYPE
Source rdacarrier
Carrier type term Volume
Carrier type code nc
500 ## - GENERAL NOTE
General note Includes bibliographical references and indexes
650 #0 - SUBJECT ADDED ENTRY--TOPICAL TERM
9 (RLIN) 1441
Topical term or geographic name as entry element POETRY
650 #0 - SUBJECT ADDED ENTRY--TOPICAL TERM
9 (RLIN) 3959
Topical term or geographic name as entry element HEYM, GEORG 1887-1912 TRANSLATIONS INTO ENGLISH
942 ## - ADDED ENTRY ELEMENTS (KOHA)
Source of classification or shelving scheme
Koha item type MONOGRAPH
Holdings
Withdrawn status Lost status Source of classification or shelving scheme Damaged status Not for loan Collection code Permanent Location Current Location Shelving location Date acquired Source of acquisition Cost, normal purchase price Full call number Barcode Date last seen Price effective from Koha item type Total Checkouts
          CBU-Lusaka Campus CBU- LUSAKA CAMPUS CBU- LUSAKA CAMPUS General Stacks 11/04/2024 BOOK AID INTERNATIONAL 566.05 PT 2617 Hey 753090 11/04/2024 11/04/2024 MONOGRAPH  
          CBU-Lusaka Campus CBU- LUSAKA CAMPUS CBU- LUSAKA CAMPUS General Stacks 11/04/2024 BOOK AID INTERNATIONAL 566.05 PT 2617 Hey 753089 11/04/2024 11/04/2024 MONOGRAPH  
          Main Library Open Access Collection CBU-MAIN LIBRARY, KITWE. CBU-MAIN LIBRARY, KITWE. General Stacks 02/19/2025 BOOK AID INTERNATIONAL 566.05 PT 2617 Hey 753432 02/19/2025 02/19/2025 MONOGRAPH  
          Main Library Open Access Collection CBU-MAIN LIBRARY, KITWE. CBU-MAIN LIBRARY, KITWE. General Stacks 02/19/2025 BOOK AID INTERNATIONAL 566.05 PT 2617 Hey 753431 02/19/2025 02/19/2025 MONOGRAPH